书目信息 |
| 题名: |
读古文通识
|
|
| 作者: | 李振峰 著 | |
| 分册: | ||
| 出版信息: | 北京 华龄出版社 2019 |
|
| 页数: | 266页 | |
| 开本: | 21cm | |
| 丛书名: | 古典文学通识系列 | |
| 单 册: | ||
| 中图分类: | I207.62 | |
| 科图分类: | ||
| 主题词: | 古典散文--gu dian san wen--古典文学研究--中国 | |
| 电子资源: | ||
| ISBN: | 978-7-5169-1334-5 | |
| 000 | 01222oam2 2200253 450 | |
| 001 | 2160524203 | |
| 005 | 20210926145321.0 | |
| 010 | @a978-7-5169-1334-5@b精装@dCNY48.00 | |
| 100 | @a20190626d2019 em y0chiy50 ea | |
| 101 | 0 | @achi |
| 102 | @aCN@b110000 | |
| 105 | @ay z 000yy | |
| 106 | @ar | |
| 200 | 1 | @a读古文通识@Adu gu wen tong shi@f李振峰著 |
| 210 | @a北京@c华龄出版社@d2019 | |
| 215 | @a266页@d21cm | |
| 225 | 2 | @a古典文学通识系列@Agu dian wen xue tong shi xi lie@f傅道彬主编 |
| 330 | @a本书内容分为四章:第一章为古文源流,主要以时代为序描述古文的发展脉络,分为先秦、秦汉及魏晋南北朝、唐宋元明清三部分。第二章为古文写作,主要从创作论视角论述古文写作的一般规律,分为古文立意、古文谋篇和古文修辞三部分。第三章为古文鉴赏,主要从阅读角度对古文中的名篇做适当的文学分析。本章鉴赏的古文选文主要分为先秦、两汉、魏晋、唐宋、明清五部分。第四章为古文书目,主要从古文入门的角度,向读者推荐一些常见、重要、易得、浅显且有一定学术水准的书目,作为古文学习时必要的参考。 | |
| 461 | 0 | @12001 @a古典文学通识系列 |
| 606 | 0 | @a古典散文@Agu dian san wen@x古典文学研究@y中国 |
| 690 | @aI207.62@v5 | |
| 701 | 0 | @a李振峰@Ali zhen feng@f(1978-)@4著 |
| 801 | 0 | @aCN@b百万庄@c20210926 |
| 905 | @b1300955-58@dI207.62@e1010@f4 | |
| 读古文通识/李振峰著.-北京:华龄出版社,2019 |
| 266页;21cm.-(古典文学通识系列/傅道彬主编) |
| ISBN 978-7-5169-1334-5(精装):CNY48.00 |
| 本书内容分为四章:第一章为古文源流,主要以时代为序描述古文的发展脉络,分为先秦、秦汉及魏晋南北朝、唐宋元明清三部分。第二章为古文写作,主要从创作论视角论述古文写作的一般规律,分为古文立意、古文谋篇和古文修辞三部分。第三章为古文鉴赏,主要从阅读角度对古文中的名篇做适当的文学分析。本章鉴赏的古文选文主要分为先秦、两汉、魏晋、唐宋、明清五部分。第四章为古文书目,主要从古文入门的角度,向读者推荐一些常见、重要、易得、浅显且有一定学术水准的书目,作为古文学习时必要的参考。 |
| ● |
| 相关链接 |
|
|
|
|
正题名:读古文通识
索取号:I207.62/1010
 
预约/预借
| 序号 | 登录号 | 条形码 | 馆藏地/架位号 | 状态 | 备注 |
| 1 | 1300955 | 213009554 | 第一样本阅览室/ [索取号:I207.62/1010] | 在馆 | |
| 2 | 1300956 | 213009563 | 第二借阅区/ [索取号:I207.62/1010] | 在馆 | |
| 3 | 1300957 | 213009572 | 第二借阅区/ [索取号:I207.62/1010] | 在馆 | |
| 4 | 1300958 | 213009581 | 第二借阅区/ [索取号:I207.62/1010] | 在馆 |